Pôsobenie 3 PL providerov v outsourcingovej logistike
Third Party Logistics (3PL) - vznik a služby. 3PL provider vykonáva logistické činnosti v prospech inej spoločnosti. Náplň práce 3PL providerov. Služby, ktoré poskytuje 3PL. Spolupráca firiem s 3PL spoločnosťami. Predpoklady úspešnosti outsourcingových 3PL projektov. Výber vhodného 3PL partnera. Reg...
Salvato in:
| Autore principale: | |
|---|---|
| Natura: | Capitolo di libro |
| Lingua: | slovacco |
| Soggetti: | |
| Tags: |
Nessun Tag, puoi essere il primo ad aggiungerne!!
|
MARC
| LEADER | 00000naa$a2200000$$$4500 | ||
|---|---|---|---|
| 001 | 0051434 | ||
| 005 | 20240502071612.6 | ||
| 041 | 0 | |a slo | |
| 044 | |a SK | ||
| 245 | 1 | 0 | |a Pôsobenie 3 PL providerov v outsourcingovej logistike |c Pavol Lazový |
| 520 | |a Third Party Logistics (3PL) - vznik a služby. 3PL provider vykonáva logistické činnosti v prospech inej spoločnosti. Náplň práce 3PL providerov. Služby, ktoré poskytuje 3PL. Spolupráca firiem s 3PL spoločnosťami. Predpoklady úspešnosti outsourcingových 3PL projektov. Výber vhodného 3PL partnera. Regionálne porovnanie využívania outsourcingu logistických služieb 3PL. | ||
| 610 | 2 | 0 | |a logistika |
| 610 | 2 | 0 | |a outsourcing |
| 610 | 2 | 0 | |a partnerstvo strategické |
| 610 | 2 | 0 | |a služby |
| 610 | 2 | 0 | |a služby logistické |
| 610 | 2 | 0 | |a aliancie strategické |
| 100 | 1 | |a Lazový, Pavol | |